Merania sociálnoekonomickej úrovne regionálneho celku

Návrh metódy nepriameho výpočtu hrubého domáceho produktu. Náčrt metodiky rozdelenia HDP do regiónov. Rozpis HDP v trhových cenách za SR podľa koeficienta váhy regiónu.

Guardado en:
Detalles Bibliográficos
Autor principal: Baláž, Peter
Formato: Capítulo de libro
Lenguaje:eslovaco
Materias:
Etiquetas: Agregar Etiqueta
Sin Etiquetas, Sea el primero en etiquetar este registro!

MARC

LEADER 00000naa a2200000 4500
001 r019392
005 20221205102620.1
041 0 |a slo 
044 |a SK 
245 1 0 |a Merania sociálnoekonomickej úrovne regionálneho celku  |c Peter Baláž 
520 |a Návrh metódy nepriameho výpočtu hrubého domáceho produktu. Náčrt metodiky rozdelenia HDP do regiónov. Rozpis HDP v trhových cenách za SR podľa koeficienta váhy regiónu. 
610 2 0 |a ukazovatele ekonomické 
610 2 0 |a produkt domáci hrubý 
610 2 0 |a regióny 
610 2 0 |a metodika 
610 2 0 |a Slovensko 
610 2 0 |a ceny trhové 
100 1 |a Baláž, Peter